2º Simposio nacional de Catálisis. Medellín, septiembre 2, 3 y 4 de 1987 : memorias /
Guardado en:
| Autores Corporativos: | , , |
|---|---|
| Formato: | Libro |
| Idioma: | Spanish |
| Publicado: |
Medellín, Colombia :
Universidad de Antioquía,
1987.
|
| Materias: | |
| Etiquetas: |
Agregar Etiqueta
Sin Etiquetas, Sea el primero en etiquetar este registro!
|
| LEADER | 01043nam a22002055a 4500 | ||
|---|---|---|---|
| 001 | EIQ.libpla000785 | ||
| 008 | 060524s1987####ck#a#####b####100#0#spa#d | ||
| 005 | 20060524153616.0 | ||
| 245 | 1 | 0 | |a 2º Simposio nacional de Catálisis. Medellín, septiembre 2, 3 y 4 de 1987 : |b memorias / |c Fondo colombiano de investigaciones científicas y proyectos especiales "Francisco José de Caldas" Colciencias, grupo de catálisis de la Universidad de Antioquia. |
| 260 | |a Medellín, Colombia : |b Universidad de Antioquía, |c 1987. | ||
| 300 | |a 1 v. (en varias paginaciones) : |b il. ; |c 26 cm. | ||
| 500 | |a Datos tomados de la cubierta. | ||
| 504 | |a Incluye referencias bibliográficas. | ||
| 111 | 2 | |a Simposio Nacional de Catálisis |n (2º : |d 1987 : |c Medellín, Colombia) | |
| 710 | 2 | |a Fondo Colombiano de Investigaciones Científicas (COLCIENCIAS) | |
| 710 | 2 | |a Universidad de Antioquia. |b Catálisis. | |
| 650 | 4 | |a Catálisis |x Congresos. | |
| 650 | 4 | |a Catalysis |x Congresses. | |
| 040 | |a AR-BbSID |b spa |c AR-BbSID | ||
| 859 | |a AR-BbSID |b BIB. PLAPIQUI |h 541.395 |i Si 2 |p 3546 | ||
